Futures trading in NR for better price discovery and risk management (Record no. 59727)

MARC details
000 -LEADER
fixed length control field 00397nam a2200145Ia 4500
100 ## - MAIN ENTRY--AUTHOR NAME
Personal name Mishra Anil
245 #0 - TITLE STATEMENT
Title Futures trading in NR for better price discovery and risk management
260 ## - PUBLICATION, DISTRIBUTION, ETC. (IMPRINT)
Name of publisher Rubber Asia
Year of publication 2016
300 ## - PHYSICAL DESCRIPTION
Number of Pages 98,100,102.00
500 ## - GENERAL NOTE
General note Source Year: 2016
650 ## - SUBJECT ADDED ENTRY--TOPICAL TERM
Topical Term Rubber price trend
650 ## - SUBJECT ADDED ENTRY--TOPICAL TERM
Topical Term Trading
942 ## - ADDED ENTRY ELEMENTS (KOHA)
Koha item type Journals
Holdings
Withdrawn status Lost status Damaged status Not for loan Home library Current library Shelving location Date acquired Serial Enumeration / chronology Koha item type
      Journals RRII Library RRII Library Rubber general 01/01/2021 Volume 31, Issue 4 Journals